[Event "Eupen op"]
[Site "Eupen"]
[Date "2006.12.14"]
[Round "5"]
[White "Koep, Erich"]
[Black "Doetjes, Rienk"]
[Result "0-1"]
[WhiteElo "1354"]
[BlackElo "1508"]
[PlyCount "48"]
[EventDate "2006.12.08"]
[EventType "swiss"]
[EventRounds "7"]
[EventCountry "BEL"]
[SourceTitle "CBM 115 Extra"]
[Source "ChessBase"]
[SourceDate "2007.01.10"]
[SourceVersion "1"]
[SourceVersionDate "2007.01.10"]
[SourceQuality "1"]

1. e4 e5 2. Nf3 d6 3. h3 Be7 4. Bc4 Nf6 5. Nc3 0-0 6. 0-0 c6 7. a3 b5 8. Ba2 a6 9. d4 exd4 10. Nxd4 Nfd7 11. f4 Bf6 12. Nf3 Nc5 13. e5 Be7 14. g4 Be6 15. f5 Bxa2 16. Rxa2 d5 17. g5 Qc8 18. Nd4 Ne4 19. Qh5 c5 20. Nde2 g6 21. Qg4 Re8 22. f6 Bf8 23. Qf3 Rxe5 24. Qg2 Qe6 0-1